[Event "Let's Play Chess!"]
[Site "http://www.queenalice.com/game.php?id=639461"]
[Date "2009.8.20"]
[Round "-"]
[White "Abstro"]
[Black "Nassho"]
[Result "1-0"]
[WhiteElo "1816"]
[BlackElo "1500"]

1. Nf3 c6 2. d4 e6 3. Bf4 Bb4+ 4. c3 Ba5 5. e4 Nf6 6. h3 Nxe4 7. Bd3 Nf6 8. Qa4
Nh5 9. Bg5 f6 10. Be3 b5 11. Qb3 Qb6 12. g4 g6 13. d5 Qc7 14. gxh5 gxh5 15. dxe6
dxe6 16. Nd4 O-O 17. Nxe6 Bxe6 18. Qxe6+ Kg7 19. Qf5 b4 20. Qxh7# 1-0

[Event "Invitation"]
[Site "http://www.queenalice.com/game.php?id=639489"]
[Date "2009.8.20"]
[Round "-"]
[White "Nassho"]
[Black "Piazzolero"]
[Result "1/2-1/2"]
[WhiteElo "1388"]
[BlackElo "1540"]

1. e3 e5 2. Nf3 d6 3. Bc4 Be6 4. d3 Qf6 5. Nc3 Qg6 6. Nb5 Na6 7. Nh4 Qg5 8. Nf3
Qxg2 9. Rf1 Bg4 10. Bd5 c6 11. Nh4 Qh3 12. Bf3 cxb5 13. Bxg4 Qxh4 14. Bf3 Nc5
15. d4 exd4 16. exd4 Ne4 17. Qd3 d5 18. Qxb5+ Kd8 19. Qxd5+ Kc8 20. Qxf7 Nh6 21.
Qe6+ Kb8 22. Qe8+ Kc7 23. Qxa8 a6 24. d5 Qxh2 25. Bxe4 g6 26. Rh1 Qe5 27. Rh4
Bb4+ 28. Bd2 Rxa8 29. Bxb4 Qg7 30. d6+ Kd7 31. Bxb7 Ra7 32. Bf3 Nf5 33. Bg4 Qxb2
34. Rxh7+ Kd8 35. Ba5+ Kc8 36. Rxa7 Qxa1+ 37. Kd2 Qd4+ 38. Ke1 Qxa7 39. c4 Qc5
40. Bc7 Kd7 41. Kd2 Qxc4 42. f3 Qxa2+ 43. Kd3 a5 44. Ke4 Qe6+ 45. Kd3 a4 46. f4
a3 47. Ba5 Qxd6+ 48. Ke4 a2 49. Bc3 Qc6+ 50. Kd3 Qb5+ 51. Kc2 Qb1+ 52. Kd2 Qf1
53. Be5 a1=R 54. Bxa1 Qxa1 55. Kd3 Qd4+ 56. Ke2 Qe3+ 57. Kf1 Qxf4+ 58. Bf3 Qxf3+
59. Ke1 Qg3+ 60. Ke2 Qe3+ 61. Kd1 Ng3 62. Kc2 Qe4+ 63. Kc3 1/2-1/2

[Event "Let's Play Chess!"]
[Site "http://www.queenalice.com/game.php?id=646122"]
[Date "2009.9.2"]
[Round "-"]
[White "Nassho"]
[Black "spawnwolfwolverine"]
[Result "1-0"]
[WhiteElo "1361"]
[BlackElo "1791"]

1. e4 e5 2. Bc4 d6 3. Nc3 Bd7 4. d3 Nc6 5. Nf3 g6 6. Ng5 Nh6 7. Qf3 f5 8. Bf7+
Nxf7 9. h4 Nxg5 10. Bxg5 Be7 11. Bh6 Bxh4 12. Nd5 Nd4 13. Qd1 fxe4 14. dxe4 c6
15. Nb4 Bg5 16. c3 Ne6 17. Qxd6 Bxh6 18. Rxh6 Nf4 19. Qxe5+ Qe7 20. Qxf4 a5 21.
Nd3 b5 22. O-O-O g5 23. Qe3 a4 24. Nb4 c5 25. Nd5 Qd8 26. Qxc5 g4 27. Nc7+ Kf7
28. Qd5+ Kf8 29. Qc5+ Qe7 30. Qb6 Qxe4 31. Rxd7 Qf4+ 32. Kd1 Qf5 33. Qc6 Rc8 34.
Rf6+ Qxf6 35. Qxf6+ Kg8 36. Qf7# 1-0

[Event "Challenge"]
[Site "http://www.queenalice.com/game.php?id=647636"]
[Date "2009.9.5"]
[Round "-"]
[White "Nassho"]
[Black "digger"]
[Result "0-1"]
[WhiteElo "1458"]
[BlackElo "1470"]

1. Nf3 d5 2. e3 Nf6 3. c4 c6 4. Qa4 Bd7 5. Ne5 b5 6. cxb5 cxb5 7. Bxb5 Qc7 8. d4
Bxb5 9. Qxb5+ Nbd7 10. Bd2 Rb8 11. Qa4 Rxb2 12. Ba5 Qc1+ 13. Qd1 Qxd1+ 14. Kxd1
Rxf2 15. Nd2 Rxg2 16. Rb1 e6 17. Nc6 Ng4 18. Rb7 Nf2+ 19. Kc2 Nxh1 20. Rxa7 f5
21. Nd8 Ke7 22. Nc6+ Kd6 23. Ra6 Be7 24. Nb4+ Nb6 25. Rxb6+ Kc7 26. Na6+ Kd7 27.
Rb7+ Ke8 28. Rb8+ Kf7 29. Rxh8 Rxh2 30. Nc7 Bg5 31. Bb4 Kg6 32. Nxe6 Bxe3 33.
Nf8+ Kf7 34. Kd3 Rh3 35. a4 Bf2+ 36. Kc2 Bxd4 37. a5 h6 38. a6 Ba7 39. Nd7 Rh4
40. Ne5+ Ke6 41. Re8+ Kf6 42. Be7+ Kxe5 43. Bxh4+ Kd6 44. Re7 Bc5 45. Rxg7 Bd4
46. Nb3 Bxg7 47. a7 f4 48. a8=Q f3 49. Qd8+ Ke6 50. Nc5+ Kf5 51. Qxd5+ Kg4 52.
Qe4+ Kh3 53. Qe1 f2 54. Qxh1+ Kg4 55. Bxf2 h5 56. Ne6 Bf6 57. Qe4+ Kh3 58. Qh4+
Bxh4 59. Bxh4 Kxh4 60. Kd3 Kg4 61. Ng7 h4 62. Ne6 h3 0-1

[Event "Let's Play Chess!"]
[Site "http://www.queenalice.com/game.php?id=651773"]
[Date "2009.9.14"]
[Round "-"]
[White "Nassho"]
[Black "felipebonucci"]
[Result "1-0"]
[WhiteElo "1308"]
[BlackElo "1224"]

1. e4 c5 2. Nc3 d6 3. Bb5+ Nc6 4. Nge2 Nf6 5. Nf4 e5 6. Nh3 a6 7. Ba4 b5 8. Bb3
Nd4 9. d3 Bg4 10. f3 Nxf3+ 11. gxf3 Bxh3 12. Ne2 Be7 13. Ng1 Bg2 14. Qe2 Bxh1
15. Nh3 Nh5 16. Qf1 Bxf3 17. Qxf3 Bh4+ 18. Nf2 Nf6 19. Qh3 g5 20. Qf5 Rg8 21. c3
g4 22. h3 g3 23. Be3 1-0

[Event "Let's Play Chess!"]
[Site "http://www.queenalice.com/game.php?id=652588"]
[Date "2009.9.15"]
[Round "-"]
[White "yclaudiu35"]
[Black "Nassho"]
[Result "1-0"]
[WhiteElo "1833"]
[BlackElo "1303"]

1. e4 Nf6 2. Qf3 c5 3. Bc4 b5 4. Bxb5 Qb6 5. Bxd7+ Bxd7 6. e5 Ng4 7. Qxa8 Bc6 8.
Qxc6+ Qxc6 9. Nf3 Qe4+ 10. Kf1 Qc4+ 11. Ke1 Qe4+ 12. Kf1 Nc6 13. d3 Qf5 14. Nc3
Nb4 15. h3 Nh6 16. Ne1 Qxe5 17. a3 Nc6 18. Nf3 Qc7 19. Be3 e5 20. Re1 Qb7 21. b3
Qa6 22. Bxh6 gxh6 23. a4 Nb4 24. Rxe5+ Kd7 25. Ne1 Qf6 26. Nf3 Nxc2 27. Ne4 Qf4
28. Ned2 f6 29. Re4 Qd6 30. Ke2 Bg7 31. Rc1 Nb4 32. Ne1 Rf8 33. Rec4 Qe5+ 34.
Kf1 1-0

[Event "Challenge"]
[Site "http://www.queenalice.com/game.php?id=655140"]
[Date "2009.9.19"]
[Round "-"]
[White "Andrei_78"]
[Black "Nassho"]
[Result "1-0"]
[WhiteElo "1617"]
[BlackElo "1314"]

1. e4 Nf6 2. d3 e5 3. h3 Bb4+ 4. c3 Bc5 5. Bg5 d5 6. Bxf6 Qxf6 7. Nf3 dxe4 8.
dxe4 Qf4 9. Qe2 Qc1+ 10. Qd1 Qxb2 11. Nbd2 Qxc3 12. Rc1 Qb4 13. Nxe5 Qd4 14. Qh5
Qxf2+ 15. Kd1 Be6 16. Nxf7 g6 17. Qf3 Qd4 18. Nxh8 Qxh8 19. Qf4 Bb6 20. Bc4 Bd7
21. Rf1 Ba4+ 22. Bb3 Bb5 23. Qf7+ Kd8 24. Qd5+ Nd7 25. Qxb5 Be3 26. Qxb7 Rb8 27.
Qxc7+ 1-0

[Event "Challenge"]
[Site "http://www.queenalice.com/game.php?id=655250"]
[Date "2009.9.20"]
[Round "-"]
[White "Nassho"]
[Black "digger"]
[Result "0-1"]
[WhiteElo "1361"]
[BlackElo "1569"]

1. Nf3 d6 2. e4 e5 3. Nc3 Bd7 4. Bc4 Qe7 5. Nd5 Qd8 6. d4 c6 7. Nb4 d5 8. exd5
cxd5 9. Nxd5 Nc6 10. dxe5 Be6 11. O-O Bc5 12. Qd2 Nge7 13. Qg5 g6 14. Qf6 O-O
15. Bh6 Nf5 16. Ne7+ Qxe7 17. Qxe7 Bxe7 18. Bxe6 Nxh6 19. Bd7 Nb4 20. c3 Nd3 21.
Rad1 Nxb2 22. Rd5 Rfd8 23. Rb1 Nc4 24. Rxb7 Nb6 25. Bc6 Nf5 26. c4 Nxd5 27. cxd5
Rab8 28. e6 Rxb7 29. Bxb7 fxe6 30. g4 Ng7 31. a4 exd5 32. Nd4 h5 33. Nc6 Rd7 34.
Ba6 Bg5 35. a5 d4 36. Bc4+ Kh7 37. a6 hxg4 38. Be2 d3 39. Bxg4 Rc7 40. Nb8 d2
41. h3 Rc1+ 42. Kg2 Nf5 43. Kf3 d1=Q+ 44. Ke4 Rc4+ 45. Ke5 Qd6# 0-1

[Event "Challenge"]
[Site "http://www.queenalice.com/game.php?id=657242"]
[Date "2009.9.24"]
[Round "-"]
[White "Nassho"]
[Black "CarlosKerber"]
[Result "0-1"]
[WhiteElo "1329"]
[BlackElo "1621"]

1. e4 c5 2. Bb5 a6 3. Bd3 Qc7 4. Nc3 e6 5. Bc4 b5 6. Bd3 Nc6 7. Nd5 exd5 8. exd5
Qe5+ 9. Ne2 Nd4 10. c3 Nxe2 11. Bxe2 Nf6 12. d4 cxd4 13. cxd4 Qd6 14. O-O Be7
15. a4 Bb7 16. b3 Nxd5 17. Qd3 Nf4 18. Qc2 Rc8 19. Bxf4 Qxf4 20. Qd3 Qe4 21. f3
Qxd3 22. Bxd3 Rc3 23. Be2 Rxb3 24. axb5 axb5 25. Ra7 Bc6 26. Bd1 Rd3 27. d5 Bc5+
28. Rf2 Rxd1# 0-1

[Event "Challenge"]
[Site "http://www.queenalice.com/game.php?id=657783"]
[Date "2009.9.25"]
[Round "-"]
[White "Nassho"]
[Black "saruman"]
[Result "0-1"]
[WhiteElo "1447"]
[BlackElo "1393"]

1. e4 e5 2. Nf3 Nf6 3. Ng5 h6 4. Nh3 Nxe4 5. d3 Nc5 6. Qh5 d6 7. Be2 Qf6 8. a4
b6 9. Qf3 Qxf3 10. Bxf3 c6 11. a5 b5 12. c4 b4 13. Bd2 Nxd3+ 14. Ke2 Nxb2 15.
Bxb4 c5 16. Bc3 Nxc4 17. Bxa8 Be7 18. Bd5 Ba6 19. g3 Nb6+ 20. Bc4 Bxc4+ 21. Ke3
Nd5+ 22. Kd2 Nd7 23. Ra4 Bb5 24. Ra3 O-O 25. Re1 Bc4 26. Ra4 Bb5 27. Ree4 f5 28.
Rec4 Nc7 29. Ke2 d5 30. Kd2 dxc4 31. Ra3 Nf6 32. Bxe5 Ncd5 33. a6 Ne4+ 34. Ke2
Re8 35. Ra5 c3+ 36. Rxb5 c2 37. Bf4 Rd8 38. Na3 Nxf4+ 39. Nxf4 c1=Q 40. Nb1 Qc4+
41. Nd3 Qxd3+ 42. Ke1 Qd1# 0-1

[Event "Challenge"]
[Site "http://www.queenalice.com/game.php?id=668775"]
[Date "2009.10.17"]
[Round "-"]
[White "Nassho"]
[Black "Claudin"]
[Result "1-0"]
[WhiteElo "1351"]
[BlackElo "1267"]

1. Nc3 e5 2. a4 f6 3. g4 c5 4. e4 b6 5. d3 Ba6 6. h4 Nh6 7. Qf3 d5 8. exd5 b5 9.
g5 fxg5 10. axb5 gxh4 11. bxa6 Qa5 12. Rxa5 Be7 13. d6 Bxd6 14. Qxa8 O-O 15.
Qd5+ Nf7 16. Rxh4 g5 17. Rh5 g4 18. Qe4 Nc6 19. Qxh7# 1-0

[Event "Challenge-006"]
[Site "http://www.queenalice.com/game.php?id=668847"]
[Date "2009.10.18"]
[Round "-"]
[White "House_MD"]
[Black "Nassho"]
[Result "0-1"]
[WhiteElo "1321"]
[BlackElo "1424"]

1. e4 Nf6 2. e5 Nd5 3. c4 Nf4 4. d4 Ng6 5. Bd3 e6 6. Bxg6 hxg6 7. Nf3 c5 8. O-O
Qa5 9. Bd2 Qb6 10. dxc5 Qxc5 11. a3 Qxc4 12. Nc3 Bc5 13. Re1 b5 14. b3 Qg4 15.
b4 Bb6 16. h3 Rxh3 17. Kf1 Rh1+ 18. Ng1 Qd4 19. Qe2 Qh4 20. Be3 Qh2 21. f3 Rxg1+
0-1

[Event "Challenge"]
[Site "http://www.queenalice.com/game.php?id=673240"]
[Date "2009.10.27"]
[Round "-"]
[White "jeancnet"]
[Black "Nassho"]
[Result "0-1"]
[WhiteElo "1307"]
[BlackElo "1416"]

1. e4 Nf6 2. e5 Nd5 3. Qf3 e6 4. c4 Nb6 5. d4 Qh4 6. g3 Qxd4 7. c5 Bxc5 8. Ne2
Qxe5 9. Bf4 Qxb2 10. Nbc3 Qxa1+ 11. Nd1 Qxa2 12. Bxc7 d6 13. Ndc3 Qa1+ 14. Nd1
Na6 0-1

[Event "Challenge"]
[Site "http://www.queenalice.com/game.php?id=674400"]
[Date "2009.10.29"]
[Round "-"]
[White "LuizFerreira"]
[Black "Nassho"]
[Result "0-1"]
[WhiteElo "1347"]
[BlackElo "1372"]

1. c3 e5 2. g3 h5 3. Qa4 Rh6 4. Qe4 Bd6 5. b4 Nf6 6. Qd3 e4 7. Qe3 Rg6 8. f3 Nd5
9. Qxe4+ Ne7 10. Qh4 Rh6 11. Qg5 Kf8 0-1

[Event "VEREMOS"]
[Site "http://www.queenalice.com/game.php?id=695675"]
[Date "2009.12.10"]
[Round "-"]
[White "Nassho"]
[Black "Claudin"]
[Result "0-1"]
[WhiteElo "1438"]
[BlackElo "1345"]

1. g3 c5 2. Bg2 Qc7 3. c4 Qa5 4. Nc3 d6 5. e3 Nc6 6. a4 Be6 7. Qb3 Qb4 8. Qc2
Qxc4 9. d3 Qb4 10. Ne2 a5 11. Bd2 Bb3 12. Nd5 g6 13. Nc7+ Kd8 14. Nxa8 Bxc2 15.
Bxb4 Nxb4 16. Bxb7 Nxd3+ 17. Kd2 Nb4 18. Rac1 Bxa4 19. Nb6 Bb3 20. Kc3 a4 21.
Kd2 Kc7 22. Nd5+ Kxb7 23. Ndf4 Bh6 24. Kc3 Na2+ 25. Kd2 g5 26. Nd3 Nf6 27. Rc2
c4 0-1

[Event "Challenge_01"]
[Site "http://www.queenalice.com/game.php?id=697886"]
[Date "2009.12.14"]
[Round "-"]
[White "The_Match"]
[Black "Nassho"]
[Result "1-0"]
[WhiteElo "1181"]
[BlackElo "1416"]

1. d4 c6 2. Be3 Qa5+ 3. c3 h5 4. b4 Qb5 5. Na3 Qd5 6. Qd3 d6 7. Nh3 Bxh3 8. f3
Bf5 9. Qd2 e6 10. c4 a5 11. cxd5 axb4 12. Qxb4 exd5 13. Bg5 f6 14. Bf4 c5 15.
Qxb7 Rxa3 16. Qxb8+ Kf7 17. e3 c4 18. Qb7+ Ne7 19. Bxd6 Rxe3+ 20. Kd2 Rd3+ 21.
Bxd3 cxd3 22. Rhe1 g6 23. Bxe7 Bh6+ 24. Kc3 d2 25. Red1 Rc8+ 26. Bc5+ 1-0